000 00778nam a2200217Ia 4500
001 13067
003 GE_BSU
008 181216s||||||||xx |||||||||||||| ||und||
040 _cGE_BSU
080 _a631.8+631.4
100 _aКорнилов,М.Ф. Небольсин,А.Н. Семенов В.А.
245 _aИзвесткование кислых почв нечерноземной полосы СССР
245 _cПод.ред.Н.А.Сапожникова и М.Ф.Корни
260 _aЛенинград
260 _bКолос
260 _c1971
300 _a256стр.илл.20см.
300 _cБиблиогр.с.248-252
653 _aИзвесткование кислых почв нечерноземной полосы СССР
942 _cBK
999 _c46234
_d46234